00323nam a2200121Ia 4500008004100000041000800041082001400049100002100063245004500084260003300129300003000162365000900192240624s9999 xx 000 0 und d aeng a158.7 GOL aGOLEMAN DANIEL P aEMOTIONAL INTELLIGENCE WHY IT CAN MATTER c2000aNew YorkbBantam Books axv, , 413 , 17 : p. : cm. cb28